| 000 | 01444cam a2200325 a 4500 | ||
|---|---|---|---|
| 001 | 14718892 | ||
| 005 | 20101008120520.0 | ||
| 008 | 070131m20079999enka b 001 0 eng | ||
| 020 | _a9781844073894 (v. 1 : hardback) | ||
| 020 | _a1844073890 (v. 1 : hardback) | ||
| 020 | _a9781844077526 (v. 3 : hardback) | ||
| 020 | _a9781849711876 (v. 4 : hardback) | ||
| 035 | _a(OCoLC)ocm83608175 | ||
| 040 |
_aDLC _cDLC _dBAKER _dBTCTA _dYDXCP _dBWKUK _dUKM _dDLC |
||
| 082 | 0 | 0 |
_a696 _222 _bADV |
| 245 | 0 | 0 |
_aAdvances in Building Energy Research / _ceditor-in-chief, Mat Santamouris. |
| 246 | 3 | 4 | _aABER |
| 260 |
_aLondon ; _aSterling, VA : _bEarthscan, _c2007-<2010> |
||
| 300 |
_av. <1-4> : _bill. ; _c24 cm. |
||
| 504 | _aIncludes bibliographical references and index. | ||
| 650 | 0 |
_aBuildings _xEnergy conservation. _928706 |
|
| 653 |
_bArch _bMec _cFebruary2012 |
||
| 700 | 1 |
_aSantamouris, M. _q(Matheos), _d1956- _928707 |
|
| 856 | 4 | 1 |
_3Table of contents only _uhttp://www.loc.gov/catdir/toc/ecip0710/2007004087.html |
| 942 |
_2ddc _cBB |
||
| 999 |
_c16416 _d16416 |
||